Desde un análisis crítico de la teoría funcionalista a la disciplina científica de la educación.

Crítica al enfoque funcionalista proviene de la teoría de la reproducción cultural, del análisis marxista de la educación, con autores como Bourdieu, Passeron, Althusser,Baudelot, Establet,Bowles, Gintis, Bernstein y teóricos educacionales como Belth, Walton y Kuethe. La crítica se focaliza en aspec...

Full description

Bibliographic Details
Main Author: Calisto Galindo, Raúl Samuel
Format: Analitica de revista
Language:Spanish
Published: Concepción Universidad de Concepción. Facultad de Educación. Departamento de Ciencias de la Educación 2006
Subjects:

MARC

LEADER 00000cab a2200000 a 4500
001 049328
003 UAHC_CL
005 20181207120722.0
008 181205b2006 cl j 000 1 spa
952 |0 0  |1 0  |2 ddc  |4 0  |6 VISIONES_DE_LA_EDUC_09_06_000000000000000  |7 0  |8 COMP  |9 91090  |a BC  |b BC  |c General  |d 2018-12-07  |l 0  |o VISIONES DE LA EDUC.-09/06  |r 2018-12-07 00:00:00  |w 2018-12-07  |y REVA 
999 |c 51395  |d 51395 
040 |a UAHC_CL  |c UAHC_CL  |d UAHC_CL 
100 |a Calisto Galindo, Raúl Samuel  |9 5859 
245 1 0 |a Desde un análisis crítico de la teoría funcionalista a la disciplina científica de la educación.  |c Raúl S. Calisto G. 
260 |b Universidad de Concepción. Facultad de Educación. Departamento de Ciencias de la Educación  |a Concepción  |c 2006 
300 |a p. 43-52 
500 |a En: Visiones de la educación. Año 06, no. 09, primer semestre 2006. pp.43-52. ISSN: 0718-0888. 
520 |a Crítica al enfoque funcionalista proviene de la teoría de la reproducción cultural, del análisis marxista de la educación, con autores como Bourdieu, Passeron, Althusser,Baudelot, Establet,Bowles, Gintis, Bernstein y teóricos educacionales como Belth, Walton y Kuethe. La crítica se focaliza en aspectos como: función reproductiva de la educación, inequidad, dominaciuón simbólica, determinismo socio-cultural, administración educacional, formación inicial de la profesión docente, curriculum, enseñanza e investigación educacional. Se termina con una propuesta teórica para fortalecer la disciplina científica de la educación. 
653 |a Funcionalismo 
653 |a Reproducción cultural 
653 |a Análisis marxista de la educación 
653 |a Disciplina científica 
653 |a Determinismo 
653 |a Inequidad 
900 |a VISIONES DE LA EDUC.-09/06 
942 |c REVA  |2 ddc